LIBRARY & INFORMATION CENTRE, KCAET, TAVANUR

ONLINE PUBLIC ACCESS CATALOGUE (OPAC)

Rescue at Sea / (Record no. 1201)

MARC details
000 -LEADER
fixed length control field 00348cam a2200145ua 4500
003 - CONTROL NUMBER IDENTIFIER
control field OSt
008 - FIXED-LENGTH DATA ELEMENTS--GENERAL INFORMATION
fixed length control field 250320b |||||||| |||| 00| 0 eng d
041 ## - LANGUAGE CODE
Language code of text/sound track or separate title eng
082 ## - DEWEY DECIMAL CLASSIFICATION NUMBER
Classification number 623.887
Item number WAT/RE
100 ## - MAIN ENTRY--AUTHOR NAME
Personal name Waters, John.M .
245 ## - TITLE STATEMENT
Title Rescue at Sea /
260 ## - PUBLICATION, DISTRIBUTION, ETC. (IMPRINT)
Place of publication :
Name of publisher D.Van nostrang company,INC ,
Year of publication 1967.
300 ## - PHYSICAL DESCRIPTION
Number of Pages 264 ; .
942 ## - ADDED ENTRY ELEMENTS (KOHA)
Koha item type Books
Holdings
Withdrawn status Lost status Damaged status Home library Current library Date acquired Full call number Accession Number Koha item type
      KAUAET KAUAET 07/04/2012 623.887 WAT/RE 11579 Books
free website counter